=LDR 00000nam 2200000 4500 =001 INLIS000000000039503 =005 20130612145128 =008 ***********************************IND** =035 ##$$0010-061300000039503 =041 ##$$a IND =082 ##$$a 616.1 =090 ##$$a 616.1, Han d =100 ##$$a Hananta, i putu yuda =245 ##$$a Deteksi Dini dan Pencegahan 7 Penyakit Penyebab mati Muda, dr. I Putu Yuda Hananta =650 ##$$a Kesehatan =850 ##$$a NBPNMAT =990 ##$$a 21400613/BPAP-NTB/20142014 =990 ##$$a 21400613/BPAP-NTB/20142014 =990 ##$$a 21400613/BPAP-NTB/20142014 =990 ##$$a 0001/BPAP-NTB/20142014 =990 ##$$a 0001/BPAP-NTB/2015 =990 ##$$a 0001/BPAP-NTB/2015 =990 ##$$a 0153/BPAP-NTB/2016 =990 ##$$a 0158/BPAP-NTB/2016